EDF dépannage Lafesse - Statistiques

Statistiques générales
  • Ce quiz a été pris 4 fois
    3 depuis la dernière actualisation
  • Le résultat moyen est 768 sur 942
Statistiques - réponses
Réponses % Correct
à
100%
a
100%
EDF Dépannage | Lafesse Ah
100%
EDF Dépannage Ah,
100%
allez
100%
Lafesse Alors,
100%
alors?
100%
alors,
100%
appelle
100%
au
100%
avec
100%
bien
100%
bien,
100%
bon?
100%
bon,
100%
Bon,
100%
EDF Dépannage | Lafesse Bonjour,
100%
bonjour,
100%
ça,
100%
ça.
100%
ça?
100%
Ça
100%
ça
100%
ce
100%
Ce
100%
EDF Dépannage | Lafesse C'est
100%
c'est
100%
cet
100%
cette
100%
chez
100%
comme
100%
Lafesse Comme
100%
Lafesse Comment
100%
comment
100%
comment?
100%
D
100%
dans
100%
de
100%
déjà.
100%
déjà,
100%
déjà
100%
Dépannage,
100%
Dépannage?
100%
dépannage,
100%
des
100%
dis,
100%
dit
100%
dit.
100%
Lafesse Donc,
100%
donc,
100%
du
100%
E
100%
EDF Dépannage EDF,
100%
EDF?
100%
EDF.
100%
EDF Dépannage | Lafesse En
100%
en
100%
Lafesse Et
100%
et
100%
êtes
100%
F
100%
faire
100%
fait
100%
fait...
100%
fait,
100%
faut
100%
fin.
100%
fou,
100%
100%
histoire?
100%
histoire!
100%
I
100%
I,
100%
il
100%
Il
100%
j'ai
100%
Lafesse Je
100%
je
100%
j'écoute.
100%
la
100%
là,
100%
là.
100%
l'a
100%
100%
le
100%
l'EDF
100%
les
100%
EDF Dépannage | Lafesse Mais
100%
mais
100%
EDF Dépannage | Lafesse Mais,
100%
mal,
100%
me
100%
m'en
100%
moi!
100%
moi,
100%
moi.
100%
mon
100%
monsieur.
100%
monsieur
100%
monsieur,
100%
Monsieur!
100%
n'a
100%
n'avez
100%
ne
100%
non!
100%
non,
100%
non.
100%
Non,
100%
nous,
100%
EDF Dépannage | Lafesse Oh
100%
Lafesse Oh,
100%
on,
100%
Lafesse On
100%
on
100%
100%
EDF Dépannage | Lafesse Oui.
100%
EDF Dépannage | Lafesse Oui,
100%
EDF Dépannage Oui
100%
oui,
100%
oui.
100%
par
100%
pas.
100%
pas
100%
pas,
100%
paye
100%
paye.
100%
payé
100%
payer.
100%
payez,
100%
pense
100%
pensez?
100%
petit
100%
peu
100%
plus!
100%
plus
100%
plus,
100%
plus?
100%
possible,
100%
possible!
100%
pour
100%
Lafesse Pourquoi?
100%
pouvez
100%
problème,
100%
problème
100%
qu'à
100%
quand
100%
que
100%
que...
100%
qui
100%
quoi.
100%
quoi,
100%
savez
100%
savez,
100%
se
100%
si
100%
si,
100%
son...
100%
son
100%
suis
100%
sur
100%
sûr,
100%
un
100%
une
100%
va
100%
voir,
100%
voir
100%
vois
100%
voiture
100%
votre
100%
vous
100%
EDF Dépannage | Lafesse Vous
100%
vous,
100%
vous.
100%
y
100%
8
50%
abonnements.
50%
acheté
50%
adresse,
50%
ait
50%
amené
50%
ans,
50%
ans.
50%
ans
50%
après-midi,
50%
arrivent.
50%
aux
50%
avez
50%
Lafesse Bah
50%
Bahamas,
50%
beaucoup,
50%
beaucoup
50%
beau-fils
50%
beau-frère,
50%
EDF Dépannage | Lafesse Ben,
50%
EDF Dépannage | Lafesse Ben
50%
ben
50%
ben!,
50%
ben,
50%
bien-sûr
50%
boîte
50%
branché
50%
brancher
50%
bricolé
50%
bricoleur,
50%
C'est-à-dire
50%
chèques
50%
chèques.
50%
chose,
50%
cinq
50%
clés
50%
complet.
50%
compte?
50%
compte
50%
compteur
50%
connaissez,
50%
consomme
50%
contre
50%
côté
50%
courant
50%
courant?
50%
croyez?
50%
danger,
50%
danger
50%
d'avoir
50%
d'électricité.
50%
déranger
50%
deux
50%
deux.
50%
devrais
50%
Dieu,
50%
divise
50%
doute,
50%
droit
50%
EDF Dépannage Écoutez-moi,
50%
EDFI.
50%
électrique
50%
emprunte,
50%
encaisse
50%
encaissez
50%
énergiquement
50%
envoie
50%
est
50%
EDF Dépannage Est-ce
50%
explose,
50%
explosion
50%
fabriquer.
50%
façon,
50%
factures.
50%
faites
50%
faites.
50%
fasse
50%
figurez-vous.
50%
fil,
50%
fils,
50%
francs.
50%
francs?
50%
gaz.
50%
gaz,
50%
gendre,
50%
gendre.
50%
gros,
50%
habitez
50%
hein,
50%
hein.
50%
heure?
50%
hop,
50%
EDF Dépannage Hum.
50%
il'y'a
50%
installation.
50%
interdit,
50%
juste
50%
l'abonnement
50%
l'ai
50%
l'apéro
50%
l'appareil.
50%
l'armée,
50%
Ledoux
50%
légal,
50%
L'électricité!
50%
l'enlève.
50%
lettres,
50%
lettres
50%
libre
50%
l'installation,
50%
loi,
50%
loin,
50%
longtemps,
50%
lui
50%
lui,
50%
lui.
50%
même
50%
même?
50%
mettons.
50%
mieux.
50%
millions
50%
n'en
50%
n'est
50%
nom,
50%
nos
50%
Lafesse Notre
50%
n'y
50%
pallier.
50%
parce
50%
Parce
50%
pareil.
50%
part
50%
partez
50%
peine,
50%
permettre,
50%
petits
50%
peur,
50%
piraté...
50%
prendre
50%
prenez
50%
proteste
50%
quelle
50%
EDF Dépannage Quelle
50%
quelqu'un,
50%
qu'est-ce
50%
qu'il
50%
qu'on
50%
qu'une
50%
rajouter
50%
ramène
50%
ramène.
50%
ramener.
50%
rassure
50%
rassurez,
50%
recevoir
50%
récupéré
50%
remarquez,
50%
rende
50%
rendez-vous
50%
rien
50%
risquez
50%
Robert
50%
secteur
50%
s'en
50%
sera
50%
service.
50%
service,
50%
s'est
50%
suite,
50%
surpris,
50%
surprise.
50%
système
50%
téléphone,
50%
téléphone
50%
téléphone.
50%
terrain
50%
tout
50%
toute
50%
trois
50%
trop
50%
truandez
50%
tuyau
50%
vérifie,
50%
vérifiée,
50%
vérifier,
50%
veut
50%
vient
50%
viol
50%
Lafesse Voilà,
50%
voilà,
50%
voisin
50%
voisin?
50%
voisin.
50%
voisins
50%
voitures
50%
volez
50%
voulez.
50%
voulez
50%
voyez,
50%
voyons!
50%
vu
50%
addresés
0%
alons?
0%
aucun
0%
bifurqué
0%
dérangement
0%
dites-moi,
0%
donnez-moi
0%
évidemment,
0%
mis
0%
peut-être
0%
puisqu'on
0%
rapport,
0%
sert
0%
trouver
0%
truc-là,
0%
voudrais
0%
voyez-vous.
0%
Aucun quiz correspondant
Distribution des résultats
% des personnes avec chaque résultat
Percentile par nombre de réponses
Votre historique - résultats
Vous n’avez pas pris ce quiz depuis la dernière actualisation